000 00622nam a2200217 4500
001 32705
003 AR-RoBPED
005 20260508100522.0
008 260505e1957 ag a|||br|||| 001 0 spa d
040 _aAR-RoBPED
041 _aspa
100 _aRonco, Amadeo
_930867
245 1 3 _aEl libro y su lectura /
_cAmadeo Ronco.
260 _aBuenos Aires:
_bKapelusz,
_c1957.
300 _a224 p.
_bil.
650 4 _aLIBROS DE LECTURA
_915325
650 4 _aARCHIVO INFANTIL
_924464
650 4 _aSEXTO GRADO
_91465
942 _2udc
_ak. 32705
_cBK
_h372.4
_kIA
_mR 82
_pinv. 42433
945 _amm 05/05/2026 - cd 06/05/2026
999 _c32705
_d32705